| 000 | 00761nam a2200229 a 4500 | ||
|---|---|---|---|
| 999 |
_c11134 _d11134 |
||
| 001 | 11135 | ||
| 003 | BD-JhCC | ||
| 005 | 20200329134008.0 | ||
| 008 | 190601s20052013bg |||| ||a| 000 0 ben d | ||
| 020 | _a9789848557983 | ||
| 035 | _a(BD-JhCC) 11135 | ||
| 040 |
_aBD-JhCC _dBD-JhCC |
||
| 041 | _aeng | ||
| 082 |
_a378.170281 _bKHA 2013 |
||
| 100 | _aখায়ের, মোহাম্মদ আবুল | ||
| 245 |
_aসঠিক নিয়মে লেখাপড়া / _cমোহাম্মদ আবুল খায়ের, |
||
| 260 |
_aঢাকা : _bসূচীপত্র, _c২০১৩. |
||
| 300 |
_a১৩৫ পৃ. : _c২২ সেমি. |
||
| 650 | _aStudy Skills | ||
| 942 |
_2ddc _cBK _06 |
||